000 01104cam a22002054a 4500
005 20250605164019.0
008 250528s ||||||||||||||||||||||||d
035 _a16267
020 _a675206316
040 _aGR-AtMCL
_bgre
_dGR-AtMCL
_eAACR2
245 1 _aIntroducing Circuit Analysis / Fifth Edition
250 _a5th
260 _bMerrill Publishing Company,
_c1987
300 _a866
520 _aIntroduction, Currents and Voltages, Resistance, Ohm's Law and Power and Energy, Series Circuits, Para;;e; Circuits, Series-Parallel Networks, Methods of Analysis and Selected Topics, Network Theorems, Capacitors, Magnetic Circuits, Inductors, Sinusoidal Alternating Waveforms, The Basic Elements and Phasors, Series and Parallel ac Circuits, Series-Parallel ac Networks, Methods of Analysis and Selected Topics (ac), Network Theorems (ac), Power (ac), Resonance, Pulse Waveforms and the R-C Response, Polyphase Systems, Nonsinusoidal Circuits, Transformers, Two - Port Parameters (z, y h), Index.
700 1 _aBoylestad Robert L
_92349
942 _cBK
999 _c1785
_d1785